00879cam a2200265 a 45000010008000000030005000080050017000130080041000300100017000710200026000880400030001140410012001440820025001561000026001812450031002072600047002383000041002854400036003265040049003626000037004116500050004486510042004989420054005409990019005942097792322820220607091935.0950728s1995 sa a b 000 0beng d a 95184399  a0636019543qpaperback aFUcFUdDLCbEnglisheRDA aEnglish a968.06092 FIRST PINN1 aPinnock, Don.912561110aRuth First /cDon Pinnock. aCape Town :bMaskew Miller Longman,c1995. a68 pages. :billustrations ;c21 cm. 0aThey fought for freedom9138316 aIncludes bibliographical references (p. 68).10aFirst, Ruth,d1925-1982.9138317 0aJournalistszSouth AfricaxBiography.9138318 0aSouth AfricaxRace relations.9116587 2ddccCRw5815xPontsho Maokoy5815zPontsho Maoko c666193d666192